[Event "Estonian Championship"]
[Site "Tallinn"]
[Date "2000.05.06"]
[Round "8"]
[White "Kiik, Kalle"]
[Black "Zjukin, Sergei"]
[Result "1/2-1/2"]
[WhiteElo "2445"]
[BlackElo "2391"]
[PlyCount "119"]
[EventDate "2000.04.29"]

1. Nf3 Nf6 2. d4 e6 3. Bg5 c5 4. e3 Be7 5. Nbd2 b6 6. Bd3 Bb7 7. c3 cxd4 8.
exd4 Nc6 9. O-O O-O 10. Re1 Nd5 11. Bxe7 Ncxe7 12. a4 Nf4 13. Bf1 a6 14. g3
Nfd5 15. Bg2 Qc7 16. Ne5 Nf6 17. Qe2 Bxg2 18. Kxg2 d6 19. Nd3 Qb7+ 20. f3 Nd7
21. Qe4 d5 22. Qe2 Nc6 23. f4 b5 24. Nb3 bxa4 25. Nbc5 Nxc5 26. Nxc5 Qb5 27.
Rxa4 Qxe2+ 28. Rxe2 a5 29. Kf3 Rfd8 30. Nd3 Rab8 31. Re1 Rb5 32. Rea1 h6 33.
R1a2 Rdb8 34. Ke3 Kf8 35. Kd2 f6 36. Kc2 Kf7 37. Ra1 Rc8 38. Kd2 Rcb8 39. R4a2
R8b6 40. Re1 Rb8 41. Re2 Ne7 42. Kc2 Nc6 43. Ra1 Rc8 44. Kd2 Nd8 45. Rae1 Rc7
46. g4 Rb6 47. f5 exf5 48. gxf5 Nb7 49. Re6 Nd6 50. b4 Rbc6 51. bxa5 Nc4+ 52.
Kd1 Nxa5 53. Nc5 Rxe6 54. Nxe6 Rxc3 55. Rg1 Nc4 56. Rxg7+ Ke8 57. Nc7+ Kf8 58.
Ne6+ Ke8 59. Nc7+ Kf8 60. Ne6+ 1/2-1/2

[Event "Estonian Championship"]
[Site "Tallinn"]
[Date "2000.05.06"]
[Round "8"]
[White "Sepp, Olav"]
[Black "Kovaljov, Deniss"]
[Result "1-0"]
[WhiteElo "2412"]
[BlackElo "2275"]
[PlyCount "79"]
[EventDate "2000.04.29"]

1. e4 e6 2. Qe2 c5 3. g3 Nc6 4. c3 Nge7 5. Bg2 d5 6. e5 g6 7. Nf3 Bg7 8. O-O
Qc7 9. Re1 f6 10. exf6 Bxf6 11. d3 e5 12. Bg5 Bg7 13. a3 O-O 14. b4 cxb4 15.
axb4 b5 16. Bxe7 Qxe7 17. Nxe5 Nxe5 18. d4 Bg4 19. Qd2 Rad8 20. dxe5 Bf3 21.
Bxf3 Rxf3 22. Qd4 Qe6 23. Nd2 Rf5 24. Rxa7 Bxe5 25. Qh4 Rd7 26. Ra8+ Kg7 27.
Nb3 Bxg3 28. Rxe6 Bxh4 29. Re2 Rdf7 30. Raa2 Rf3 31. Rac2 R7f5 32. Nd4 Bf6 33.
Nxf3 Rxf3 34. Re3 Rf4 35. Rd3 d4 36. c4 bxc4 37. Rxc4 Re4 38. Rc7+ Kh6 39. Kf1
Rh4 40. h3 1-0

[Event "Estonian Championship"]
[Site "Tallinn"]
[Date "2000.05.07"]
[Round "9"]
[White "Kulaots, Kaido"]
[Black "Shevtshenko, Robert"]
[Result "0-1"]
[WhiteElo "2507"]
[BlackElo "2347"]
[PlyCount "144"]
[EventDate "2000.04.29"]

1. e4 e5 2. Nf3 Nc6 3. Bb5 a6 4. Ba4 Nf6 5. O-O Be7 6. Re1 b5 7. Bb3 d6 8. c3
O-O 9. h3 Bb7 10. d4 Re8 11. Nbd2 Bf8 12. d5 Nb8 13. Nf1 c6 14. dxc6 Bxc6 15.
Ng3 g6 16. Nh2 Nbd7 17. Qf3 h5 18. Bg5 Bg7 19. Nhf1 Nc5 20. Ne3 Ne6 21. Bxf6
Bxf6 22. Bd5 Rc8 23. Bxc6 Rxc6 24. Nd5 Bg5 25. a4 bxa4 26. Rxa4 Nc7 27. Nb4 Rb6
28. Qe2 Qd7 29. Ra5 Reb8 30. Rea1 Bf4 31. Nf1 f5 32. exf5 Qxf5 33. Ne3 Bxe3 34.
Qxe3 R8b7 35. Rd1 Kg7 36. Kh2 Ne6 37. Rd2 Nc5 38. Re2 e4 39. Kg1 Kh7 40. Rd2
Qf7 41. Rd1 Rb8 42. Qg3 Rf8 43. Raa1 Qe6 44. Qe3 Rfb8 45. Rd4 Rf8 46. Rd2 Qe5
47. Re2 Rf7 48. Rd1 a5 49. Nd5 Rb3 50. Rd4 a4 51. Qd2 a3 52. f4 Qe6 53. bxa3
Rb1+ 54. Kh2 Nb3 55. Qe3 Rf1 56. Rb2 Nxd4 57. Qxd4 g5 58. Rb8 Rg7 59. Re8 Qf5
60. fxg5 Qxg5 61. Qxe4+ Qg6 62. Re6 Qxe4 63. Rxe4 Rg5 64. Rd4 Kg7 65. a4 Kf7
66. Ne3 Re1 67. h4 Rc5 68. Nd5 Ra1 69. Kg3 Ke6 70. Nf4+ Kf5 71. Ne2 Re5 72.
Rf4+ Kg6 0-1

[Event "Estonian Championship"]
[Site "Tallinn"]
[Date "2000.05.07"]
[Round "9"]
[White "Kovaljov, Deniss"]
[Black "Svirjov, Igor"]
[Result "0-1"]
[WhiteElo "2275"]
[BlackElo "2346"]
[PlyCount "110"]
[EventDate "2000.04.29"]

1. d4 g6 2. c3 Nf6 3. Bg5 Bg7 4. Nd2 d6 5. Ngf3 Bf5 6. Bxf6 Bxf6 7. e4 Bd7 8.
Bc4 Nc6 9. h4 h6 10. Nf1 O-O 11. Qd2 Bg7 12. Ng3 e6 13. Kf1 Na5 14. Be2 b5 15.
Kg1 Qe7 16. Nf1 c5 17. Ne3 Rac8 18. Rd1 cxd4 19. Nxd4 a6 20. Nf3 Nb7 21. e5 Rc6
22. Bd3 dxe5 23. Ng4 h5 24. Ngxe5 Rd6 25. Qe3 Rd8 26. Re1 Be8 27. Nd4 Qf6 28.
f4 Bh6 29. Rf1 Rd5 30. g3 Nd6 31. Rh2 Nf5 32. Bxf5 exf5 33. Re1 Bf8 34. Rhe2
Bc5 35. Nef3 Bc6 36. Kh2 b4 37. Qc1 bxc3 38. bxc3 Kg7 39. Re5 Ba8 40. Re8 R5d6
41. R1e5 Rxe8 42. Rxe8 Be4 43. Re5 Bxd4 44. Nxd4 Rb6 45. Nb3 Qd8 46. Qe3 Rd6
47. c4 Rd1 48. Rxe4 fxe4 49. Qxe4 Qf6 50. Qc2 Re1 51. c5 Qe6 52. Nd4 Qe3 53.
Qb2 Qg1+ 54. Kh3 Qh1+ 55. Qh2 Qe4 0-1

[Event "Estonian Championship"]
[Site "Tallinn"]
[Date "2000.05.07"]
[Round "9"]
[White "Zjukin, Sergei"]
[Black "Sepp, Olav"]
[Result "1/2-1/2"]
[WhiteElo "2391"]
[BlackElo "2412"]
[PlyCount "42"]
[EventDate "2000.04.29"]

1. e4 e5 2. Nf3 Nc6 3. Bb5 a6 4. Ba4 Nf6 5. O-O Be7 6. Re1 b5 7. Bb3 d6 8. c3
O-O 9. h3 Na5 10. Bc2 c5 11. d4 cxd4 12. cxd4 exd4 13. Nxd4 Bb7 14. Nd2 Re8 15.
b4 Nc6 16. Nxc6 Bxc6 17. Bb2 Rc8 18. Bb3 Bf8 19. Qf3 Qe7 20. Re3 Nd7 21. Rae1
g6 1/2-1/2

[Event "Estonian Championship"]
[Site "Tallinn"]
[Date "2000.05.07"]
[Round "9"]
[White "Seeman, Tarvo"]
[Black "Sergejev, Roman"]
[Result "1/2-1/2"]
[WhiteElo "2428"]
[BlackElo "2377"]
[PlyCount "92"]
[EventDate "2000.04.29"]

1. e4 c5 2. d3 Nc6 3. g3 g6 4. Bg2 Bg7 5. f4 d6 6. Nf3 e5 7. O-O Nge7 8. c3 O-O
9. Na3 Rb8 10. f5 gxf5 11. Nh4 f4 12. Qh5 f6 13. gxf4 Qe8 14. Qxe8 Rxe8 15. f5
b5 16. Bf3 Kh8 17. Ng2 Rf8 18. Kh1 Ng8 19. Ne3 Bh6 20. Bh5 Bd7 21. Rf3 Nce7 22.
c4 a6 23. b3 Nc6 24. Nac2 Be8 25. Bxe8 Rbxe8 26. Nd5 Bxc1 27. Rxc1 Rc8 28. Nce3
Nge7 29. Nxe7 Nxe7 30. Rg3 b4 31. Ng4 Rb8 32. Rcg1 Ng8 33. Ne3 Rb7 34. Nd5 a5
35. Kg2 Ne7 36. Nxe7 Rxe7 37. Kh3 Ree8 38. Kh4 Rg8 39. Kh5 Rxg3 40. Rxg3 Rg8
41. Kh6 Rxg3 42. hxg3 Kg8 43. g4 Kh8 44. g5 fxg5 45. Kxg5 Kg7 46. Kh5 h6
1/2-1/2

[Event "Estonian championship (w)"]
[Site "?"]
[Date "2000.04.29"]
[Round "1"]
[White "Pritulina, Svetlana"]
[Black "Zainetdinova, Svetlana"]
[Result "1/2-1/2"]
[WhiteElo "2046"]
[BlackElo "2100"]
[PlyCount "92"]
[EventDate "2000.04.29"]

1. d4 Nf6 2. g3 g6 3. Bg2 d5 4. c3 Bg7 5. Nd2 O-O 6. e4 dxe4 7. Nxe4 Nxe4 8.
Bxe4 c6 9. Be3 Be6 10. Ne2 Bd5 11. f3 Nd7 12. Bxd5 cxd5 13. Qd2 b5 14. O-O Nb6
15. b3 a5 16. Nf4 Qd6 17. Nd3 Nd7 18. Rfd1 Rfc8 19. f4 e6 20. a4 bxa4 21. Rxa4
Nb6 22. Raa1 a4 23. Qc2 axb3 24. Qxb3 Nc4 25. Bf2 h5 26. Ra2 Rxa2 27. Qxa2 Qa3
28. Qc2 Rb8 29. Rc1 Bf8 30. Be1 Qb3 31. Kf2 Ba3 32. Qxb3 Rxb3 33. Rc2 Kg7 34.
Ke2 Kf6 35. h3 Kf5 36. Kf3 Kf6 37. g4 hxg4+ 38. hxg4 Rb8 39. Rh2 Rb1 40. Rh7
Rxe1 41. Nxe1 Bb2 42. Ke2 Bxc3 43. Nf3 Ke7 44. Kd3 Bb4 45. Ne5 Nxe5+ 46. fxe5
Be1 1/2-1/2

[Event "Estonian championship (w)"]
[Site "?"]
[Date "2000.04.30"]
[Round "2"]
[White "Piarnpuu, Leili"]
[Black "Pritulina, Svetlana"]
[Result "1/2-1/2"]
[WhiteElo "2214"]
[BlackElo "2046"]
[PlyCount "114"]
[EventDate "2000.04.29"]

1. Nf3 d6 2. d4 g6 3. e4 Bg7 4. Nc3 Nf6 5. Be2 Nbd7 6. e5 Ng8 7. Bf4 Nb6 8. O-O
f6 9. exd6 exd6 10. a4 a5 11. Qd2 Ne7 12. Bh6 O-O 13. Bxg7 Kxg7 14. h3 d5 15.
Rfe1 g5 16. Bd3 Ng6 17. Ne2 Nc4 18. Qc1 h6 19. b3 Nd6 20. c4 dxc4 21. bxc4 Qd7
22. Qc2 Qf7 23. c5 Ne8 24. Bc4 Qd7 25. Ng3 Nf4 26. Ra3 Kh8 27. Rae3 Ng7 28. Re7
Qd8 29. R1e3 h5 30. h4 g4 31. Ne1 f5 32. Qd2 Kh7 33. Bf7 Ra6 34. Nxh5 Nfxh5 35.
Bxh5 Be6 36. Rxg7+ Kxg7 37. f3 g3 38. f4 Qxh4 39. Bf3 Rh8 40. Kf1 Qxf4 41. Nd3
Qxd4 42. Bxb7 f4 43. Rxg3+ fxg3 44. Qg5+ Kf8 45. Bxa6 Rh1+ 46. Ke2 Bg4+ 47. Kd2
Rd1+ 48. Kc2 Qxa4+ 49. Kb2 Qa1+ 50. Kc2 Qd4 51. Qh6+ Kg8 52. Qg6+ Qg7 53. Bc4+
Kf8 54. Qe4 Qg5 55. Qa8+ Ke7 56. Qe4+ Kd8 57. Qa8+ Ke7 1/2-1/2

[Event "Estonian championship (w)"]
[Site "?"]
[Date "2000.04.30"]
[Round "2"]
[White "Budylina, Sofia"]
[Black "Brokko, Margit"]
[Result "0-1"]
[WhiteElo "2094"]
[BlackElo "2157"]
[PlyCount "40"]
[EventDate "2000.04.29"]

1. e4 d6 2. d4 Nf6 3. Bd3 g6 4. Nf3 Bg7 5. O-O O-O 6. h3 c6 7. c4 d5 8. cxd5
cxd5 9. e5 Nfd7 10. Nc3 Nb6 11. a4 Nc6 12. a5 Nc4 13. Bxc4 dxc4 14. Bf4 Nxa5
15. d5 Nb3 16. Ra4 b5 17. Ra2 b4 18. Ne4 Bb7 19. Qe2 Qxd5 20. Rd1 Qxe4 0-1

[Event "Estonian championship (w)"]
[Site "?"]
[Date "2000.05.01"]
[Round "3"]
[White "Pritulina, Svetlana"]
[Black "Paidla, Kaja"]
[Result "0-1"]
[WhiteElo "2046"]
[BlackElo "2108"]
[PlyCount "75"]
[EventDate "2000.04.29"]

1. d4 d5 2. g3 Nf6 3. Bg2 c6 4. Nc3 Bf5 5. Nf3 h6 6. O-O e6 7. Re1 Nbd7 8. a3
Be7 9. Nd2 O-O 10. e4 dxe4 11. Ncxe4 Qc7 12. c3 Rfd8 13. Qe2 a5 14. Nxf6+ Nxf6
15. Nc4 Nd5 16. a4 Bf6 17. f4 Rac8 18. Ne3 Nxe3 19. Bxe3 b6 20. h4 c5 21. dxc5
bxc5 22. g4 Bd3 23. Qf2 Be7 24. h5 f5 25. Bf3 Bd6 26. g5 hxg5 27. fxg5 Bg3 28.
Qg2 Bxe1 29. Rxe1 Bc4 30. g6 Bd5 31. h6 gxh6 32. Bxh6 Qc6 33. Bxd5 Rxd5 34. Bf4
Qxa4 35. b4 cxb4 36. Rxe6 Qd1+ 37. Kf2 bxc3 38. Re1 0-1

[Event "Estonian championship (w)"]
[Site "?"]
[Date "2000.05.01"]
[Round "3"]
[White "Zainetdinova, Svetlana"]
[Black "Piarnpuu, Leili"]
[Result "0-1"]
[WhiteElo "2100"]
[BlackElo "2214"]
[PlyCount "96"]
[EventDate "2000.04.29"]

1. e4 c5 2. Nf3 Nc6 3. c3 e6 4. d4 d5 5. exd5 exd5 6. Bb5 Bd6 7. dxc5 Bxc5 8.
O-O Nge7 9. Nbd2 O-O 10. Nb3 Bd6 11. Bg5 Bg4 12. Bh4 Qc7 13. Bg3 Rad8 14. Re1
h6 15. Be2 a6 16. Nfd4 Bc8 17. Nxc6 Nxc6 18. Nd4 Ne5 19. Qc2 g6 20. Rad1 Rfe8
21. Qd2 Kg7 22. Bf3 Nc4 23. Qc1 Bxg3 24. hxg3 Ne5 25. Qf4 f6 26. Nc2 Bf5 27.
Ne3 Nxf3+ 28. Qxf3 Be4 29. Qf4 Qb6 30. Kh2 g5 31. Qg4 h5 32. Qe2 h4 33. g4 Qc7+
34. Kg1 Re5 35. f3 Bg6 36. Qf2 Qe7 37. Nf5+ Bxf5 38. gxf5 Re8 39. Rxe5 Qxe5 40.
Qb6 h3 41. Qxb7+ Re7 42. Qxd5 Qe3+ 43. Kh2 Qf4+ 44. Kg1 Re2 45. Qb7+ Kh6 46.
Qc6 Rxg2+ 47. Kf1 Qxf5 48. Qe4 Qb5+ 0-1

[Event "Estonian championship (w)"]
[Site "?"]
[Date "2000.05.02"]
[Round "4"]
[White "Paidla, Kaja"]
[Black "Zainetdinova, Svetlana"]
[Result "0-1"]
[WhiteElo "2108"]
[BlackElo "2100"]
[PlyCount "102"]
[EventDate "2000.04.29"]

1. d4 Nf6 2. Nf3 g6 3. c4 Bg7 4. Nc3 d5 5. e3 O-O 6. cxd5 Nxd5 7. Bc4 Nb6 8.
Bb3 Nc6 9. O-O Bf5 10. d5 Na5 11. Nd4 Nxb3 12. Qxb3 Bd3 13. Rd1 Bc4 14. Qb4 Re8
15. e4 e5 16. Ndb5 a6 17. Nxc7 Qxc7 18. d6 a5 19. dxc7 axb4 20. Nd5 Nd7 21. Be3
Rac8 22. Rac1 Bxa2 23. Nxb4 Be6 24. Nd5 f5 25. Bg5 Kf7 26. f3 Bf8 27. b4 Bd6
28. Kf1 f4 29. b5 Bc5 30. Bd8 Rcxd8 31. cxd8=Q Rxd8 32. Nc7 b6 33. Na6 Rc8 34.
Nxc5 Rxc5 35. Rxc5 Nxc5 36. Kf2 Ke7 37. Ra1 Bc4 38. Ra7+ Nd7 39. g3 fxg3+ 40.
hxg3 Bxb5 41. f4 Bc6 42. Ke3 Ke6 43. Rc7 Kd6 44. Ra7 b5 45. Ra1 Nf6 46. Ra6
exf4+ 47. Kxf4 Nxe4 48. Ra7 b4 49. Rxh7 b3 50. Rh2 Kc5 51. g4 Kc4 0-1

[Event "Estonian championship (w)"]
[Site "?"]
[Date "2000.05.03"]
[Round "5"]
[White "Pritulina, Svetlana"]
[Black "Budylina, Sofia"]
[Result "0-1"]
[WhiteElo "2046"]
[BlackElo "2094"]
[PlyCount "78"]
[EventDate "2000.04.29"]

1. d4 f5 2. c4 Nf6 3. Nc3 g6 4. Nf3 Bg7 5. g3 O-O 6. Bg2 d6 7. O-O Nc6 8. b3 e5
9. dxe5 dxe5 10. Ba3 Re8 11. Nb5 Bd7 12. Ng5 e4 13. h4 h6 14. Nh3 a6 15. Nc3
Be6 16. Rc1 Qxd1 17. Rfxd1 Rad8 18. Bb2 Nh5 19. Na4 Bxb2 20. Nxb2 Nd4 21. Bf1
f4 22. Nxf4 Nxf4 23. gxf4 Bg4 24. Re1 Rf8 25. Kg2 Nf5 26. Red1 h5 27. Rc3 Nxh4+
28. Kg3 Nf5+ 29. Kh2 Rxd1 30. Nxd1 Nd4 31. f3 exf3 32. e3 Ne6 33. Nf2 g5 34.
Bh3 Bxh3 35. Nxh3 g4 36. Nf2 Ng7 37. Rc1 Nf5 38. e4 Nd4 39. Nd3 Ne2 0-1

[Event "Estonian championship (w)"]
[Site "?"]
[Date "2000.05.03"]
[Round "5"]
[White "Piarnpuu, Leili"]
[Black "Paidla, Kaja"]
[Result "1-0"]
[WhiteElo "2214"]
[BlackElo "2108"]
[PlyCount "45"]
[EventDate "2000.04.29"]

1. Nf3 Nf6 2. c4 e6 3. Nc3 d5 4. d4 Nbd7 5. cxd5 exd5 6. Bf4 c6 7. Qc2 Bb4 8.
a3 Bxc3+ 9. bxc3 O-O 10. e3 Re8 11. Bd3 h6 12. h3 Nf8 13. O-O Ne6 14. Bh2 Ng5
15. Ne5 Qe7 16. c4 dxc4 17. Nxc4 Be6 18. Ne5 Rad8 19. f4 Ngh7 20. Bg3 Kh8 21.
f5 Bc8 22. Bc4 Rf8 23. Bxf7 1-0

[Event "Estonian championship (w)"]
[Site "?"]
[Date "2000.05.04"]
[Round "6"]
[White "Budylina, Sofia"]
[Black "Zainetdinova, Svetlana"]
[Result "0-1"]
[WhiteElo "2094"]
[BlackElo "2100"]
[PlyCount "30"]
[EventDate "2000.04.29"]

1. e4 e5 2. Nf3 Nc6 3. Bb5 Bc5 4. O-O Nf6 5. Bxc6 dxc6 6. Nxe5 Nxe4 7. Qe2 Qd5
8. Nc3 Nxc3 9. dxc3 O-O 10. Rd1 Qe6 11. Qh5 g6 12. Qe2 Bd6 13. Re1 Re8 14. Bf4
f6 15. Qc4 fxe5 0-1

[Event "Estonian championship (w)"]
[Site "?"]
[Date "2000.05.05"]
[Round "7"]
[White "Zainetdinova, Svetlana"]
[Black "Brokko, Margit"]
[Result "1/2-1/2"]
[WhiteElo "2100"]
[BlackElo "2157"]
[PlyCount "84"]
[EventDate "2000.04.29"]

1. e4 d6 2. d4 Nf6 3. Nc3 g6 4. Nf3 Bg7 5. Be2 O-O 6. O-O c6 7. a4 Qc7 8. h3 e5
9. dxe5 dxe5 10. Bc4 b6 11. Qe2 a5 12. b3 Ba6 13. Ba3 Rc8 14. Rad1 Ne8 15. h4
Rd8 16. Ng5 Bxc4 17. Qxc4 Rxd1 18. Rxd1 h6 19. Nf3 Nd7 20. Qd3 Nf8 21. g3 Ne6
22. Qd7 Nd4 23. Qxc7 Nxf3+ 24. Kg2 Nxh4+ 25. gxh4 Nxc7 26. Rd6 Bf8 27. Rxc6
Bxa3 28. Rxc7 Rd8 29. Nd5 Bc5 30. f3 Kg7 31. Rc6 Rb8 32. c3 Rb7 33. Kg3 Bg1 34.
Kg2 Bc5 35. Kg3 Bg1 36. Kg2 Bc5 37. h5 gxh5 38. Kg3 Bg1 39. Kg2 Bc5 40. Kg3 Bg1
41. Kg2 Bc5 42. Kg3 Bg1 1/2-1/2

[Event "Estonian championship (w)"]
[Site "?"]
[Date "2000.05.05"]
[Round "7"]
[White "Piarnpuu, Leili"]
[Black "Budylina, Sofia"]
[Result "1-0"]
[WhiteElo "2214"]
[BlackElo "2094"]
[PlyCount "69"]
[EventDate "2000.04.29"]

1. Nf3 f5 2. b3 Nf6 3. Bb2 e6 4. g3 d5 5. Bg2 c5 6. e3 Nc6 7. d4 b6 8. c4 Bb7
9. O-O dxc4 10. bxc4 Be7 11. Ne5 Qc7 12. Qa4 Rc8 13. d5 b5 14. Qxb5 a6 15. Qa4
Qa5 16. Qxa5 Nxa5 17. dxe6 Bxg2 18. Kxg2 Nc6 19. Nf7 Rg8 20. Nd2 Nb4 21. Ne5
Bd6 22. a3 Bxe5 23. Bxe5 Nc6 24. Bxf6 gxf6 25. Rab1 Ke7 26. Rb7+ Kxe6 27. Nb3
Ne5 28. Rb6+ Rc6 29. Rxc6+ Nxc6 30. Nxc5+ Kd6 31. Nxa6 Ne5 32. Rd1+ Kc6 33. Rd5
Ra8 34. Nb4+ Kc7 35. Nd3 1-0

[Event "Estonian championship (w)"]
[Site "?"]
[Date "2000.05.06"]
[Round "8"]
[White "Budylina, Sofia"]
[Black "Paidla, Kaja"]
[Result "1/2-1/2"]
[WhiteElo "2094"]
[BlackElo "2108"]
[PlyCount "84"]
[EventDate "2000.04.29"]

1. e4 c6 2. d4 d5 3. e5 Bf5 4. Nf3 e6 5. Be2 Nd7 6. O-O Bg4 7. b3 c5 8. Bb2 Ne7
9. dxc5 Nc6 10. c4 dxc4 11. Bxc4 Bxc5 12. Qe2 Nd4 13. Qe4 Nxf3+ 14. gxf3 Bh3
15. f4 Bxf1 16. Bxf1 Qb6 17. Qf3 O-O 18. Nd2 Rac8 19. Ne4 Rfd8 20. Bc4 Be7 21.
Kh1 Rxc4 22. bxc4 Qxb2 23. Rg1 Nf8 24. f5 Qxe5 25. f6 Bxf6 26. Nxf6+ Kh8 27.
Ng4 Qc7 28. Nh6 Rd7 29. Qc3 f6 30. Qxf6 Ng6 31. Qc3 Qc6+ 32. f3 e5 33. Ng4 h5
34. Nf2 Nh4 35. Ne4 Rd4 36. Ng5 Qxc4 37. Qa5 Qc6 38. Qxa7 Rd8 39. Qe3 Rf8 40.
Qa3 Rc8 41. Qe7 Qf6 42. Nf7+ Kh7 1/2-1/2

[Event "Estonian championship (w)"]
[Site "?"]
[Date "2000.05.07"]
[Round "9"]
[White "Paidla, Kaja"]
[Black "Brokko, Margit"]
[Result "1-0"]
[WhiteElo "2108"]
[BlackElo "2157"]
[PlyCount "79"]
[EventDate "2000.04.29"]

1. d4 Nf6 2. c4 c5 3. d5 e6 4. Nc3 exd5 5. cxd5 g6 6. e4 d6 7. Bd3 Bg7 8. Nge2
O-O 9. O-O Re8 10. f3 Nbd7 11. Kh1 Ne5 12. Bc2 a6 13. a4 Rb8 14. Rb1 b5 15.
axb5 axb5 16. b3 b4 17. Na4 Ba6 18. Nb2 Qc7 19. Nd3 Nfd7 20. Nxe5 Nxe5 21. f4
Nd7 22. Re1 c4 23. bxc4 Qxc4 24. Ng3 Nc5 25. Bb3 Qd3 26. Bd2 h5 27. Re3 Qb5 28.
e5 dxe5 29. f5 Nxb3 30. Qxb3 Bh6 31. Nxh5 Red8 32. fxg6 Bxe3 33. gxf7+ Kf8 34.
Qxe3 Qxd5 35. Qh6+ Kxf7 36. Qxa6 Qxd2 37. Rf1+ Ke7 38. Qf6+ Kd7 39. Qxe5 Qd6
40. Nf6+ 1-0